000 00657nam a22002177a 4500
003 UA-OsUOA
001 71119
007 ta
008 20101005b un ||||| |||| 00| 0 ukr d
100 _aНадточий И.О.
090 _a101
_bН17
942 _cSA
040 _aUA-OsUOA
_brus
_cUA-OsUOA
_dUA-OsUOA
245 _aНравственная философия о взаимоотношении морали и религии
300 _aС.100-112
955 _a0
041 _arus
080 _a101
773 0 _w71117
_tСоциально-гуманитарные знания
_dМ.
_d2010
_g4
650 7 _a1 Філософські науки
_2UDC
999 _c357393
_d357393